000
00338cam a2200145ua 4500
041
_a
eng
_h
082
_a
822
_b
MAS/GO
100
_a
Masefield, John .
245
_a
good friday /
_c
John Masefield.
_h
Textual Documents
260
_a
London :
_b
Heinemann ,
_c
1964.
300
_a
49 ; .
504
_a
942
_c
BK
999
_c
6107
_d
6107